New York Mets Opening Day Lineup 2025 - Statistics

General Stats
  • This quiz has been taken 253 times
  • The average score is 9 of 10
Answer Stats
Position Player % Correct
SS Francisco Lindor
100%
1B Pete Alonso
100%
RF Juan Soto
99%
LF Brandon Nimmo
97%
3B Mark Vientos
95%
2B Luisangel Acuna
88%
CF Tyrone Taylor
88%
C Luis Torrens
84%
SP Clay Holmes
82%
DH Starling Marte
82%
No matching quizzes found
Score Distribution
Percent of People with Each Score
Percentile by Number Answered
Your Score History
You have not taken this quiz